| 000 | 00363nam a2200145 a 4500 | ||
|---|---|---|---|
| 001 | 3138 | ||
| 003 | CDMR | ||
| 005 | 20130116135240.0 | ||
| 008 | 130130s1988||||||||||||||||||||||||||||d | ||
| 040 |
_aCDMR _bcat _cCDMR |
||
| 100 | 1 |
_aSalillas, José Manuel _970 |
|
| 245 | 1 | 0 | _aPioneros de la radio |
| 260 |
_aViladecavalls _c1988 _bGraf. de la M.C.E. Horeb |
||
| 942 | _cMON | ||
| 999 |
_c3138 _d3138 |
||